ARRUPE JESUIT UNIVERSITY

CORONAVIRUS -STOP THE SPREAD - CLEAN,DISINFECT,COVER

Group dynamics, the psychology of small group behaviour (Record no. 32656)

MARC details
000 -LEADER
fixed length control field 00443nam a2200181Ia 4500
003 - CONTROL NUMBER IDENTIFIER
control field 0100
005 - DATE AND TIME OF LATEST TRANSACTION
control field 20190723155015.0
008 - FIXED-LENGTH DATA ELEMENTS--GENERAL INFORMATION
fixed length control field 130303s9999 xx 000 0 und d
040 ## - CATALOGING SOURCE
Transcribing agency ARRUPELIB
050 ## - LIBRARY OF CONGRESS CALL NUMBER
Classification number HM132.S5 1971
300 ## - PHYSICAL DESCRIPTION
Other physical details 414p. 23cm.
100 ## - MAIN ENTRY--PERSONAL NAME
Personal name Shaw, Marvin E
9 (RLIN) 47487
245 ## - TITLE STATEMENT
Title Group dynamics, the psychology of small group behaviour
260 ## - PUBLICATION, DISTRIBUTION, ETC. (IMPRINT)
Place of publication, distribution, etc New York
Name of publisher, distributor, etc McGraw-Hill
Date of publication, distribution, etc 1971
300 ## - PHYSICAL DESCRIPTION
Extent xvii
700 ## - ADDED ENTRY--PERSONAL NAME
Personal name Marvin E. Shaw
9 (RLIN) 47488
942 ## - ADDED ENTRY ELEMENTS (KOHA)
Source of classification or shelving scheme Library of Congress Classification
Koha item type Monograph ( Printed materials)
Holdings
Withdrawn status Lost status Source of classification or shelving scheme Damaged status Not for loan Collection code Home library Current library Shelving location Date acquired Total Checkouts Full call number Barcode Date last seen Date checked out Copy number Price effective from Koha item type
    Library of Congress Classification     Main Collection ARRUPE LIBRARY ARRUPE LIBRARY   04/03/2013 1 HM132.S5 1971 46003043569 30/04/2018 09/02/2016 1 04/03/2013 Monograph ( Printed materials)

 

Arrupe Library. PO Box MP320 Mt Pleasant, Harare, Zimbabwe
263 242 745411|librarian@aju.ac.zw